00353nam a22000977a 4500082002700000245010400027260004800131300003300179526003700212650000600249 a363.1251091724bHILcD aThe Costs of Traffic Accidents and The Valuation of Accident-Prevention in Less-Developed Countries aEnglandbUniversity of Newcastle Upon Tyne  aii, P-155 :bill ;c24 cmeD a0b0c0d363_125109172400000_HIL aD